Представление документа в формате RUSMARC

ПолеНазваниеЗначение
  Тип записи a
  Библиографический уровень m
001 Контрольный номер RU/REG73/CBS_GRAD2/669904148
005 Дата корректировки 20221122154859.0
010 Индекс ISBN __
a ISBN 5-94655-039-х
101 Язык документа __
a Язык текста rus
200 Заглавие и сведения об ответственности __
a Заглавие Природа симбирского Поволжья.
e Сведения, относящиеся к заглавию Сборник научных трудов VI межрегиональной научно-практической конференции "Естественнонаучные исследования в Симбирском-Ульяновском крае". Выпуск 5.
b Общее обозначение материала Текст
203 Вид содержания и тип средства __
a Вид содержания Текст (визуальный) : непосредственный
210 Выходные данные __
a Место издания Ульяновск
c Издательство Издательство "Корпорация технологий продвижения"
d Дата издания 2004
215 Физическое описание __
a Объем 220 с.
686 Индексы других классификаций __
a Классификационный индекс 20
801 Источник записи _0
a Страна RU
b Организация RuCBSGrad
g Правила каталогизации PSBO
801 Источник записи _1
a Страна RU
b Организация RuCBSGrad
g Правила каталогизации PSBO
901 Тип документа __
t Тип документа m
981 __
b i
g e
2 isbdcontent
982 __
b n
2 isbdmedia
993 __
a 61029
b 34372
e 220895
f ЦГБ
h 0.00
i 220895
m 1
n 44278
o I
p 0.00
x 1
y 6
z 20.1